[Event "MCR_O192"]
[Site "?"]
[Date "2004.??.??"]
[Round "?"]
[White "Brunclik, Vladimir"]
[Black "Cvak, Rudolf"]
[Result "1/2-1/2"]
[WhiteElo "1946"]
[BlackElo "1920"]
[PlyCount "79"]
[EventDate "2004.??.??"]
[EventType "corr"]
[EventRounds "2"]
[SourceDate "2005.03.12"]

1. e4 c5 2. Nf3 Nc6 3. Bb5 g6 4. O-O Bg7 5. Re1 a6 6. Bxc6 dxc6 7. d3 c4 8. d4
Bg4 9. c3 e5 10. dxe5 Qxd1 11. Rxd1 Bxe5 12. Nbd2 Rd8 13. Re1 Bxf3 14. Nxf3 f6
15. Nxe5 fxe5 16. f4 Nh6 17. fxe5 Ng4 18. Bg5 Rd3 19. h3 h6 20. Bf6 Nxf6 21.
exf6 Kf7 22. e5 Ke6 23. Re2 Rh7 24. Rf1 b5 25. Rf4 g5 26. Rg4 Rd5 27. Rge4 a5
28. Kf2 h5 29. Kg3 Rd3+ 30. R2e3 a4 31. h4 g4 32. Kf4 c5 33. Kg5 Rh8 34. g3 Rd7
35. Re2 Rg8+ 36. Kf4 Rd3 37. R4e3 Rdd8 38. a3 Rd3 39. Re1 Rd7 40. R3e2 1/2-1/2

[Event "MCR_O192"]
[Site "?"]
[Date "2004.??.??"]
[Round "?"]
[White "Brunclik, Vladimir"]
[Black "Lucan, Zdenko"]
[Result "1/2-1/2"]
[WhiteElo "1946"]
[BlackElo "1800"]
[PlyCount "63"]
[EventDate "2004.??.??"]
[EventType "corr"]
[EventRounds "2"]
[SourceDate "2005.03.12"]

1. e4 d5 2. exd5 Qxd5 3. Nc3 Qa5 4. d4 c6 5. Nf3 Bg4 6. h3 Bxf3 7. Qxf3 Nf6 8.
Bd3 e6 9. O-O Bd6 10. Nb5 Qd8 11. Nxd6+ Qxd6 12. c3 Nbd7 13. Bf4 Qd5 14. Qe2
O-O 15. Qe3 Qa5 16. b4 Qd8 17. Bd6 Re8 18. c4 Nb6 19. Qf4 Nc8 20. Be5 Ne7 21.
Bxf6 gxf6 22. Rfd1 Ng6 23. Qg3 f5 24. Bc2 Qf6 25. Rd2 Rad8 26. Rad1 f4 27. Qf3
Nh4 28. Qh5 h6 29. Be4 Qg5 30. Qxg5+ hxg5 31. a4 f5 32. Bc2 1/2-1/2

[Event "MCR_O192"]
[Site "?"]
[Date "2004.??.??"]
[Round "?"]
[White "Brunclik, Vladimir"]
[Black "Mikolas, Jan"]
[Result "1/2-1/2"]
[WhiteElo "1946"]
[BlackElo "1992"]
[PlyCount "55"]
[EventDate "2004.??.??"]
[EventType "corr"]
[EventRounds "2"]
[SourceDate "2005.03.12"]

1. e4 e5 2. Nf3 Nf6 3. Nxe5 d6 4. Nf3 Nxe4 5. d4 d5 6. Bd3 Bd6 7. O-O O-O 8. c4
Be6 9. Qc2 f5 10. Qb3 dxc4 11. Qxb7 Nc6 12. Qxc6 cxd3 13. Qb5 d2 14. Nbxd2 Nxd2
15. Nxd2 Rb8 16. Qc6 Qf6 17. Re1 Bxa2 18. Kh1 Rb6 19. Qf3 Bf7 20. Nf1 a6 21.
Ng3 g6 22. Bd2 Bxg3 23. Qxg3 Rxb2 24. Qc3 Rb7 25. Bf4 Rd8 26. Be5 Qb6 27. Qd3
c5 28. Rxa6 1/2-1/2

[Event "MCR_O192"]
[Site "?"]
[Date "2004.??.??"]
[Round "?"]
[White "Brunclik, Vladimir"]
[Black "Novak, Vaclav"]
[Result "1-0"]
[WhiteElo "1946"]
[BlackElo "1860"]
[PlyCount "43"]
[EventDate "2004.??.??"]
[EventType "corr"]
[EventRounds "2"]
[SourceDate "2005.03.12"]

1. e4 c5 2. Nf3 Nc6 3. Bb5 Qb6 4. Nc3 e6 5. O-O Nf6 6. Re1 Be7 7. e5 Nd5 8. a4
O-O 9. Ne4 Qc7 10. Bxc6 Qxc6 11. b3 b6 12. d4 Bb7 13. Ba3 Rae8 14. c4 Nf4 15.
Qd2 Ng6 16. Rad1 d5 17. exd6 Bxd6 18. Nxd6 Qxd6 19. dxc5 Qe7 20. Qd6 Qf6 21. c6
Ba8 22. Qd7 1-0

[Event "MCR_O192"]
[Site "?"]
[Date "2004.??.??"]
[Round "?"]
[White "Brunclik, Vladimir"]
[Black "Pipek, Jan"]
[Result "1-0"]
[WhiteElo "1946"]
[BlackElo "1800"]
[PlyCount "47"]
[EventDate "2004.??.??"]
[EventType "corr"]
[EventRounds "2"]
[SourceDate "2005.03.12"]

1. e4 e5 2. Nf3 Nc6 3. Bc4 Bc5 4. c3 Nf6 5. d4 exd4 6. cxd4 Bb4+ 7. Bd2 Bxd2+
8. Nbxd2 d5 9. exd5 Nxd5 10. Qb3 Nce7 11. O-O O-O 12. Rfe1 a6 13. Re5 Nb6 14.
Bxf7+ Rxf7 15. Rae1 Kf8 16. Ng5 Ned5 17. Qa3+ Re7 18. Qf3+ Ke8 19. Nc4 Nxc4 20.
Qf7+ Kd7 21. Qxd5+ Nd6 22. Rxe7+ Qxe7 23. Rxe7+ Kxe7 24. Qg8 1-0

[Event "MCR_O192"]
[Site "?"]
[Date "2004.??.??"]
[Round "?"]
[White "Brunclik, Vladimir"]
[Black "Vins, Karel"]
[Result "1-0"]
[WhiteElo "1946"]
[BlackElo "1800"]
[PlyCount "47"]
[EventDate "2004.??.??"]
[EventType "corr"]
[EventRounds "2"]
[SourceDate "2005.03.12"]

1. e4 c5 2. Nf3 d6 3. d4 cxd4 4. Nxd4 Nf6 5. Nc3 a6 6. Be2 e6 7. O-O Be7 8. Be3
Nc6 9. Qd2 e5 10. Nb3 b5 11. f3 h6 12. a4 b4 13. Nd5 Rb8 14. a5 Nd7 15. Nxe7
Kxe7 16. Rfd1 Qc7 17. Bc4 Nf6 18. Bb6 Qd7 19. Qe3 Qb7 20. Rxd6 Kxd6 21. Qc5+
Kd7 22. Bxf7 Ne7 23. Qxe5 Qxb6+ 24. axb6 1-0

[Event "MCR_O192"]
[Site "?"]
[Date "2004.??.??"]
[Round "?"]
[White "Cvak, Rudolf"]
[Black "Brunclik, Vladimir"]
[Result "1/2-1/2"]
[WhiteElo "1920"]
[BlackElo "1946"]
[PlyCount "83"]
[EventDate "2004.??.??"]
[EventType "corr"]
[EventRounds "2"]
[SourceDate "2005.03.12"]

1. e4 e5 2. Nf3 Nc6 3. Bb5 a6 4. Ba4 Nf6 5. d4 exd4 6. O-O b5 7. Bb3 Nxe4 8.
Re1 d5 9. Nc3 Be6 10. Nxe4 dxe4 11. Rxe4 Be7 12. Bxe6 fxe6 13. Rxe6 Qd7 14. Re4
O-O 15. Qd3 Bf6 16. Bg5 Qf5 17. Bxf6 Rxf6 18. Rae1 Raf8 19. Qb3+ Kh8 20. R1e2
Na5 21. Qb4 Nc6 22. Nxd4 Nxb4 23. Nxf5 Nxa2 24. Nd4 h6 25. Ne6 Re8 26. g4 c6
27. h4 a5 28. h5 Nb4 29. f4 Nd5 30. f5 Rf7 31. c4 Nf6 32. Rd4 Rd7 33. Rxd7 Nxd7
34. cxb5 cxb5 35. Kf2 Kg8 36. Rd2 Nf6 37. Kf3 Rc8 38. Rd6 Rc4 39. Ra6 Nxg4 40.
Rxa5 Ne5+ 41. Ke3 Rh4 42. b3 1/2-1/2

[Event "MCR_O192"]
[Site "?"]
[Date "2004.??.??"]
[Round "?"]
[White "Cvak, Rudolf"]
[Black "Lucan, Zdenko"]
[Result "1-0"]
[WhiteElo "1920"]
[BlackElo "1800"]
[PlyCount "67"]
[EventDate "2004.??.??"]
[EventType "corr"]
[EventRounds "2"]
[SourceDate "2005.03.12"]

1. d4 Nf6 2. c4 g6 3. Nc3 Bg7 4. e4 d6 5. f3 c6 6. Be3 O-O 7. Qd2 e5 8. d5 c5
9. Bd3 Bd7 10. Nge2 Na6 11. a3 Nc7 12. O-O-O a6 13. g4 h5 14. gxh5 Nxh5 15. Ng3
Nf4 16. h4 Nxd3+ 17. Qxd3 f6 18. h5 gxh5 19. Nxh5 Be8 20. Nxg7 Kxg7 21. Rdg1+
Bg6 22. Bh6+ Kf7 23. Bxf8 Qxf8 24. f4 exf4 25. Rxg6 Kxg6 26. Qh3 Qh8 27. Rg1+
Kf7 28. Qd7+ Kf8 29. e5 fxe5 30. Qxd6+ Ke8 31. Qxc7 Rd8 32. d6 Rd7 33. Qc8+ Rd8
34. Qe6+ 1-0

[Event "MCR_O192"]
[Site "?"]
[Date "2004.??.??"]
[Round "?"]
[White "Cvak, Rudolf"]
[Black "Mikolas, Jan"]
[Result "1-0"]
[WhiteElo "1920"]
[BlackElo "1992"]
[PlyCount "123"]
[EventDate "2004.??.??"]
[EventType "corr"]
[EventRounds "2"]
[SourceDate "2005.03.12"]

1. e4 e5 2. Nf3 Nc6 3. Bb5 a6 4. Ba4 Nf6 5. d4 exd4 6. O-O Be7 7. e5 Ne4 8.
Nxd4 Nxd4 9. Qxd4 Nc5 10. Nc3 O-O 11. Bg5 Nxa4 12. Bxe7 Qxe7 13. Nxa4 Re8 14.
f4 d6 15. exd6 Qxd6 16. Qxd6 cxd6 17. Nb6 Rb8 18. Rfe1 Bf5 19. c4 Re6 20. Rad1
Be4 21. c5 dxc5 22. Nd7 Rc8 23. Nxc5 Bc2 24. Nxe6 Bxd1 25. Nc5 Bg4 26. Nxb7 g5
27. fxg5 Rc2 28. b3 Rxa2 29. Nc5 Be2 30. h4 Rc2 31. Ne4 Kg7 32. Ng3 Bg4 33. Ra1
Rc3 34. Ne4 Rc6 35. Ra5 Bd1 36. Nc5 Be2 37. Kf2 Bb5 38. Ne4 Re6 39. Nc3 Bd7 40.
Nd5 Bb5 41. Nc3 Bd7 42. g3 f6 43. b4 Kg6 44. g4 fxg5 45. Rxg5+ Kf7 46. Rf5+ Kg6
47. Rc5 Kf7 48. Rc7 Rf6+ 49. Kg3 Rd6 50. Ne4 Rd4 51. Nc5 Rxg4+ 52. Kh3 Rxb4+
53. Rxd7+ Kg6 54. Rd6+ Kh5 55. Rd5+ Kg6 56. Nxa6 Rb1 57. Nc5 Rh1+ 58. Kg3 Rg1+
59. Kh2 Rf1 60. Kg2 Ra1 61. h5+ Kh6 62. Ne4 1-0

[Event "MCR_O192"]
[Site "?"]
[Date "2004.??.??"]
[Round "?"]
[White "Cvak, Rudolf"]
[Black "Novak, Vaclav"]
[Result "1-0"]
[WhiteElo "1920"]
[BlackElo "1860"]
[PlyCount "49"]
[EventDate "2004.??.??"]
[EventType "corr"]
[EventRounds "2"]
[SourceDate "2005.03.12"]

1. e4 c5 2. Nf3 Nc6 3. d4 cxd4 4. Nxd4 e5 5. Nb5 a6 6. Nd6+ Bxd6 7. Qxd6 Qf6 8.
Qd1 Qg6 9. Nc3 Nge7 10. h4 h5 11. Rh3 f6 12. Rg3 Qf7 13. Be3 f5 14. Rg5 b5 15.
Be2 g6 16. exf5 gxf5 17. Rxh5 Rg8 18. Rh6 Rxg2 19. Rh8+ Ng8 20. Bh5 Rg1+ 21.
Ke2 Qxh5+ 22. Rxh5 Rxd1 23. Rxd1 f4 24. Rg1 Nf6 25. Rf5 1-0

[Event "MCR_O192"]
[Site "?"]
[Date "2004.??.??"]
[Round "?"]
[White "Cvak, Rudolf"]
[Black "Pipek, Jan"]
[Result "1-0"]
[WhiteElo "1920"]
[BlackElo "1800"]
[PlyCount "55"]
[EventDate "2004.??.??"]
[EventType "corr"]
[EventRounds "2"]
[SourceDate "2005.03.12"]

1. e4 e5 2. Nc3 Nf6 3. Bc4 Nc6 4. d3 Bb4 5. Bg5 Bxc3+ 6. bxc3 Na5 7. Bb3 Nxb3
8. cxb3 O-O 9. Qf3 b6 10. Ne2 a6 11. Ng3 h6 12. Bxf6 Qxf6 13. Qxf6 gxf6 14. f4
Bb7 15. O-O Kg7 16. Nh5+ Kg6 17. g4 Rab8 18. fxe5 fxe5 19. Rf6+ Kh7 20. Raf1
Kg8 21. Rxh6 Rfd8 22. Rhf6 Rf8 23. R1f5 Rfe8 24. Rg5+ Kf8 25. Rg7 Re7 26. Rh7
Kg8 27. Rfh6 f5 28. Rh8+ 1-0

[Event "MCR_O192"]
[Site "?"]
[Date "2004.??.??"]
[Round "?"]
[White "Cvak, Rudolf"]
[Black "Vins, Karel"]
[Result "1-0"]
[WhiteElo "1920"]
[BlackElo "1800"]
[PlyCount "67"]
[EventDate "2004.??.??"]
[EventType "corr"]
[EventRounds "2"]
[SourceDate "2005.03.12"]

1. d4 d5 2. c4 e6 3. Nc3 Nf6 4. Bg5 Be7 5. e3 O-O 6. Nf3 c6 7. Qc2 Nbd7 8.
O-O-O dxc4 9. Bxc4 Nd5 10. h4 N7f6 11. Bxf6 Bxf6 12. Bd3 g6 13. Ne4 Bg7 14. h5
Nb4 15. Qb3 Nxd3+ 16. Qxd3 Qe8 17. hxg6 fxg6 18. Rh4 e5 19. Neg5 h6 20. Qb3+
Rf7 21. Nxf7 Qxf7 22. Qxf7+ Kxf7 23. Nxe5+ Bxe5 24. dxe5 Be6 25. Rxh6 Kg7 26.
Rdh1 Bg8 27. f4 Re8 28. g4 Kf7 29. f5 gxf5 30. Rf6+ Ke7 31. gxf5 Rf8 32. Rxf8
Kxf8 33. Rh8 Kg7 34. Rxg8+ 1-0

[Event "MCR_O192"]
[Site "?"]
[Date "2004.??.??"]
[Round "?"]
[White "Lucan, Zdenko"]
[Black "Cvak, Rudolf"]
[Result "0-1"]
[WhiteElo "1800"]
[BlackElo "1920"]
[PlyCount "36"]
[EventDate "2004.??.??"]
[EventType "corr"]
[EventRounds "2"]
[SourceDate "2005.03.12"]

1. c4 e5 2. e4 Nf6 3. Nc3 Nc6 4. Nf3 Bb4 5. a3 Bxc3 6. bxc3 Nxe4 7. Bb2 O-O 8.
Bd3 Nc5 9. Be2 e4 10. Nd4 Ne5 11. O-O Ncd3 12. Bxd3 Nxd3 13. Bc1 d5 14. cxd5
Qxd5 15. Qb3 Qh5 16. Qd1 Qg6 17. f3 Bh3 18. Qe2 Nf4 0-1

[Event "MCR_O192"]
[Site "?"]
[Date "2004.??.??"]
[Round "?"]
[White "Lucan, Zdenko"]
[Black "Mikolas, Jan"]
[Result "0-1"]
[WhiteElo "1800"]
[BlackElo "1992"]
[PlyCount "46"]
[EventDate "2004.??.??"]
[EventType "corr"]
[EventRounds "2"]
[SourceDate "2005.03.12"]

1. Nc3 e5 2. Nf3 Nc6 3. e3 d5 4. Bb5 Bg4 5. Be2 e4 6. Nd4 Bxe2 7. Qxe2 Nxd4 8.
exd4 Qd7 9. d3 O-O-O 10. O-O f5 11. dxe4 dxe4 12. d5 Nf6 13. Rd1 a6 14. Bg5 h6
15. Bxf6 gxf6 16. a3 Rg8 17. Qe3 Kb8 18. b4 Bd6 19. Ne2 Be5 20. Rab1 Qb5 21.
Nf4 Rg4 22. g3 Bxf4 23. Qd3 exd3 0-1

[Event "MCR_O192"]
[Site "?"]
[Date "2004.??.??"]
[Round "?"]
[White "Lucan, Zdenko"]
[Black "Novak, Vaclav"]
[Result "0-1"]
[WhiteElo "1800"]
[BlackElo "1860"]
[PlyCount "68"]
[EventDate "2004.??.??"]
[EventType "corr"]
[EventRounds "2"]
[SourceDate "2005.03.12"]

1. b3 e5 2. Bb2 Nc6 3. e3 d5 4. Bb5 Bd6 5. Nf3 f6 6. Bxc6+ bxc6 7. d3 Bg4 8. h3
Be6 9. Nbd2 Ne7 10. c4 O-O 11. O-O Ng6 12. cxd5 cxd5 13. a4 Qd7 14. Nh2 f5 15.
Ndf3 Qe7 16. Qc1 c5 17. d4 cxd4 18. Ba3 dxe3 19. Bxd6 exf2+ 20. Rxf2 Qxd6 21.
Ng5 Bd7 22. Qd2 Rab8 23. Rd1 d4 24. Qd3 Qd5 25. Qc4 Qxc4 26. bxc4 Rb4 27. c5 a5
28. Rc1 Ne7 29. Ngf3 e4 30. Ne1 Rxa4 31. Nf1 f4 32. Rfc2 Nc6 33. Nd2 d3 34. Nf1
dxc2 0-1

[Event "MCR_O192"]
[Site "?"]
[Date "2004.??.??"]
[Round "?"]
[White "Lucan, Zdenko"]
[Black "Pipek, Jan"]
[Result "1/2-1/2"]
[WhiteElo "1800"]
[BlackElo "1800"]
[PlyCount "119"]
[EventDate "2004.??.??"]
[EventType "corr"]
[EventRounds "2"]
[SourceDate "2005.03.12"]

1. Nc3 d5 2. e4 d4 3. Nce2 Nf6 4. d3 e5 5. c3 Be6 6. cxd4 Bb4+ 7. Bd2 Bxd2+ 8.
Qxd2 Nbd7 9. d5 Bg4 10. f3 Bh5 11. Ng3 O-O 12. Be2 Bg6 13. Nh3 c6 14. dxc6 bxc6
15. O-O Rb8 16. f4 Qb6+ 17. Nf2 exf4 18. Qxf4 Qxb2 19. Qc1 Rb6 20. Qxb2 Rxb2
21. Rfb1 Rfb8 22. Rxb2 Rxb2 23. Nd1 Rb6 24. Ne3 a6 25. Nc4 Rb5 26. a3 Nc5 27.
Ne5 Ncxe4 28. Nxg6 Nxg3 29. Ne7+ Kf8 30. hxg3 Kxe7 31. d4 Rb6 32. a4 Rb4 33.
Bxa6 Ne4 34. Kh2 Rxd4 35. Bb7 c5 36. a5 Nd6 37. a6 Nb5 38. Rc1 c4 39. Rb1 Na7
40. Bf3 c3 41. Bd1 Rd6 42. Ra1 Rd2 43. Rc1 Kf8 44. Bf3 Nb5 45. Be4 h6 46. Bc6
Nc7 47. Rxc3 Nxa6 48. Bb5 Rd6 49. Re3 Nc7 50. Ba4 Ne6 51. Rb3 Rd8 52. Re3 Rd2
53. Re4 Rd4 54. Rxd4 Nxd4 55. g4 Ke7 56. Kg3 Ke6 57. Kf4 f5 58. gxf5+ Nxf5 59.
Bd7+ Kxd7 60. Kxf5 1/2-1/2

[Event "MCR_O192"]
[Site "?"]
[Date "2004.??.??"]
[Round "?"]
[White "Lucan, Zdenko"]
[Black "Vins, Karel"]
[Result "0-1"]
[WhiteElo "1800"]
[BlackElo "1800"]
[PlyCount "88"]
[EventDate "2004.??.??"]
[EventType "corr"]
[EventRounds "2"]
[SourceDate "2005.03.12"]

1. b3 d5 2. Bb2 c5 3. e3 Nc6 4. Bb5 Qc7 5. Nf3 Bg4 6. O-O f6 7. Nc3 e6 8. h3
Bh5 9. Be2 Bf7 10. Nb5 Qd7 11. a4 a6 12. Nc3 e5 13. d3 Bd6 14. Ba3 Nge7 15. Nb1
b5 16. Bb2 b4 17. c3 a5 18. c4 d4 19. e4 O-O-O 20. Nh2 h5 21. Nd2 Kb7 22. Bc1
g5 23. f3 Rdg8 24. Rf2 Ng6 25. Ndf1 Nf4 26. Bxf4 exf4 27. Kh1 Ne5 28. Nd2 Be6
29. Qf1 g4 30. fxg4 hxg4 31. Bxg4 Nxg4 32. Nxg4 Bxg4 33. Nf3 Bxh3 34. gxh3
Qxh3+ 35. Qxh3 Rxh3+ 36. Nh2 Rxd3 37. Rf3 Rd2 38. Rg1 Rxg1+ 39. Kxg1 Re2 40.
Ng4 Be5 41. Nf2 Re3 42. Kg2 Kc6 43. Rxe3 fxe3 44. Kf3 exf2 0-1

[Event "MCR_O192"]
[Site "?"]
[Date "2004.??.??"]
[Round "?"]
[White "Mikolas, Jan"]
[Black "Brunclik, Vladimir"]
[Result "1/2-1/2"]
[WhiteElo "1992"]
[BlackElo "1946"]
[PlyCount "52"]
[EventDate "2004.??.??"]
[EventType "corr"]
[EventRounds "2"]
[SourceDate "2005.03.12"]

1. e4 e6 2. d4 d5 3. Nc3 dxe4 4. Nxe4 Be7 5. Nf3 Nf6 6. Bd3 Bd7 7. c3 Nxe4 8.
Bxe4 Bc6 9. Qc2 Bxe4 10. Qxe4 c6 11. Be3 Qd5 12. Qc2 O-O 13. h4 Nd7 14. a3 c5
15. O-O-O c4 16. Bf4 Nf6 17. Be5 Qe4 18. a4 a6 19. Bxf6 Qxc2+ 20. Kxc2 Bxf6 21.
Ne5 Rfc8 22. Nd7 Bd8 23. d5 exd5 24. Rxd5 Rc6 25. Ne5 Rc7 26. f4 Be7 1/2-1/2

[Event "MCR_O192"]
[Site "?"]
[Date "2004.??.??"]
[Round "?"]
[White "Mikolas, Jan"]
[Black "Cvak, Rudolf"]
[Result "0-1"]
[WhiteElo "1992"]
[BlackElo "1920"]
[PlyCount "110"]
[EventDate "2004.??.??"]
[EventType "corr"]
[EventRounds "2"]
[SourceDate "2005.03.12"]

1. e4 e6 2. d4 d5 3. Nc3 Bb4 4. a3 Bxc3+ 5. bxc3 dxe4 6. Qg4 Nf6 7. Qxg7 Rg8 8.
Qh6 c5 9. Ne2 Nbd7 10. Ng3 Qc7 11. Qe3 cxd4 12. Qxd4 b6 13. Bb5 Rg6 14. Be3 Bb7
15. Rd1 O-O-O 16. Qa4 Kb8 17. O-O Rgg8 18. Qc4 Nd5 19. Qxc7+ Kxc7 20. Bd4 e5
21. c4 Nf4 22. Bb2 f6 23. Rxd7+ Rxd7 24. Bxd7 Kxd7 25. Bc1 Rc8 26. Bxf4 exf4
27. Rd1+ Ke6 28. Ne2 Rxc4 29. Nxf4+ Ke7 30. Nd5+ Bxd5 31. Rxd5 Rxc2 32. Kf1 Ra2
33. Rh5 Rxa3 34. Rxh7+ Ke6 35. g4 Ke5 36. Kg2 Ra2 37. Kg3 Ra3+ 38. Kg2 Ra2 39.
Kg3 a5 40. Re7+ Kd5 41. h4 Ra3+ 42. Kg2 a4 43. h5 Rc3 44. Rb7 Rc8 45. Rxb6 Ra8
46. Rb1 a3 47. Ra1 Kc4 48. Kg3 Kc3 49. Kf4 Kb2 50. Re1 a2 51. Kf5 Ra5+ 52. Kxf6
Rc5 53. h6 Rc1 54. Re2+ Rc2 55. Re1 Rxf2+ 0-1

[Event "MCR_O192"]
[Site "?"]
[Date "2004.??.??"]
[Round "?"]
[White "Mikolas, Jan"]
[Black "Lucan, Zdenko"]
[Result "1-0"]
[WhiteElo "1992"]
[BlackElo "1800"]
[PlyCount "73"]
[EventDate "2004.??.??"]
[EventType "corr"]
[EventRounds "2"]
[SourceDate "2005.03.12"]

1. f4 g6 2. Nf3 Bg7 3. e4 d6 4. Bc4 Nf6 5. Nc3 O-O 6. d3 a6 7. O-O b5 8. Bb3 a5
9. Nxb5 a4 10. Bc4 c6 11. Na3 Ba6 12. Bxa6 Nxa6 13. c3 Nc7 14. Re1 Re8 15. d4
e6 16. e5 dxe5 17. fxe5 Nfd5 18. c4 Ne7 19. Re4 Nf5 20. b4 axb3 21. axb3 Bh6
22. Bxh6 Nxh6 23. g4 Kh8 24. Qc1 Ng8 25. Rf4 Rf8 26. Nc2 Rxa1 27. Qxa1 h6 28.
Qc3 g5 29. Re4 f6 30. Re1 Ne8 31. exf6 Qxf6 32. Ne5 Ne7 33. Qe3 Qf4 34. Nb4
Qxe3+ 35. Rxe3 Rf4 36. Nbxc6 Rf6 37. Nxe7 1-0

[Event "MCR_O192"]
[Site "?"]
[Date "2004.??.??"]
[Round "?"]
[White "Mikolas, Jan"]
[Black "Novak, Vaclav"]
[Result "1-0"]
[WhiteElo "1992"]
[BlackElo "1860"]
[PlyCount "51"]
[EventDate "2004.??.??"]
[EventType "corr"]
[EventRounds "2"]
[SourceDate "2005.03.12"]

1. e4 g6 2. d4 Bg7 3. Nc3 d6 4. f4 Nh6 5. Nf3 O-O 6. Be2 c6 7. h4 d5 8. h5 dxe4
9. Nxe4 Bf5 10. Ng3 Nd7 11. Nxf5 Nxf5 12. hxg6 hxg6 13. c3 Nf6 14. Bd3 Ng3 15.
Rh3 Nge4 16. Ne5 e6 17. Qc2 Nd6 18. Bd2 Qc7 19. O-O-O Nf5 20. g4 Ne7 21. f5
exf5 22. gxf5 c5 23. fxg6 Rfd8 24. gxf7+ Kf8 25. Rg1 Ned5 26. Rxg7 1-0

[Event "MCR_O192"]
[Site "?"]
[Date "2004.??.??"]
[Round "?"]
[White "Mikolas, Jan"]
[Black "Pipek, Jan"]
[Result "1-0"]
[WhiteElo "1992"]
[BlackElo "1800"]
[PlyCount "53"]
[EventDate "2004.??.??"]
[EventType "corr"]
[EventRounds "2"]
[SourceDate "2005.03.12"]

1. f4 d5 2. Nf3 e6 3. e3 Bb4 4. c3 Bd6 5. d4 c6 6. Bd3 Nf6 7. O-O O-O 8. Ne5 a6
9. c4 Qe7 10. c5 Bc7 11. Nc3 Rd8 12. b3 b6 13. cxb6 Bxb6 14. Na4 Bc7 15. Nc5
Rf8 16. a4 Bd6 17. Ba3 Ra7 18. Qc2 Rd8 19. Rf3 Rc7 20. Bb4 Re8 21. Ba5 Ra7 22.
Be1 Bxc5 23. dxc5 Rb7 24. Bh4 h6 25. Rg3 Kh8 26. Bg6 Rf8 27. Bxf7 1-0

[Event "MCR_O192"]
[Site "?"]
[Date "2004.??.??"]
[Round "?"]
[White "Mikolas, Jan"]
[Black "Vins, Karel"]
[Result "1-0"]
[WhiteElo "1992"]
[BlackElo "1800"]
[PlyCount "37"]
[EventDate "2004.??.??"]
[EventType "corr"]
[EventRounds "2"]
[SourceDate "2005.03.12"]

1. e4 e5 2. Nf3 Nc6 3. Bc4 Bc5 4. c3 Nf6 5. d4 exd4 6. cxd4 Bb4+ 7. Nc3 d5 8.
exd5 Nxd5 9. O-O O-O 10. Nxd5 Ne7 11. Nxb4 Bg4 12. Re1 h6 13. Bd2 c6 14. Nd3
Nd5 15. Nde5 Be6 16. Re4 Rc8 17. Rh4 Nf6 18. Bxe6 fxe6 19. Qb3 1-0

[Event "MCR_O192"]
[Site "?"]
[Date "2004.??.??"]
[Round "?"]
[White "Novak, Vaclav"]
[Black "Brunclik, Vladimir"]
[Result "0-1"]
[WhiteElo "1860"]
[BlackElo "1946"]
[PlyCount "30"]
[EventDate "2004.??.??"]
[EventType "corr"]
[EventRounds "2"]
[SourceDate "2005.03.12"]

1. c4 e5 2. Nc3 Nf6 3. g3 Bb4 4. Bg2 O-O 5. e3 Bxc3 6. bxc3 e4 7. Ne2 Nc6 8.
Qc2 Re8 9. O-O Ne5 10. Bxe4 Nxe4 11. Qxe4 d5 12. Qxd5 Bh3 13. e4 Qxd5 14. cxd5
Nf3+ 15. Kh1 Bxf1 0-1

[Event "MCR_O192"]
[Site "?"]
[Date "2004.??.??"]
[Round "?"]
[White "Novak, Vaclav"]
[Black "Cvak, Rudolf"]
[Result "0-1"]
[WhiteElo "1860"]
[BlackElo "1920"]
[PlyCount "34"]
[EventDate "2004.??.??"]
[EventType "corr"]
[EventRounds "2"]
[SourceDate "2005.03.12"]

1. e4 e5 2. Nf3 Nc6 3. Bc4 Nf6 4. d3 Bc5 5. c3 Be7 6. O-O O-O 7. b4 d6 8. h3 a6
9. Nbd2 b5 10. Bb3 a5 11. bxa5 Nxa5 12. Bc2 c6 13. Bb2 Qc7 14. Re1 Be6 15. Nf1
Nb7 16. Bb3 Nc5 17. Bxe6 fxe6 0-1

[Event "MCR_O192"]
[Site "?"]
[Date "2004.??.??"]
[Round "?"]
[White "Novak, Vaclav"]
[Black "Lucan, Zdenko"]
[Result "1-0"]
[WhiteElo "1860"]
[BlackElo "1800"]
[PlyCount "69"]
[EventDate "2004.??.??"]
[EventType "corr"]
[EventRounds "2"]
[SourceDate "2005.03.12"]

1. c4 e5 2. Nc3 Nf6 3. g3 Bb4 4. Bg2 O-O 5. e3 c6 6. Nge2 d5 7. cxd5 cxd5 8.
Qb3 Bxc3 9. bxc3 Nc6 10. O-O b6 11. d4 Be6 12. Bb2 e4 13. Nf4 Na5 14. Nxe6 fxe6
15. Qc2 Nc4 16. a4 Nxb2 17. Qxb2 Qc7 18. Rfc1 Ne8 19. c4 dxc4 20. Bxe4 Rc8 21.
Qc2 Nf6 22. Bd3 c3 23. Ra3 Nd5 24. Bxh7+ Kh8 25. Be4 Qf7 26. Bxd5 exd5 27. f4
Qe7 28. Rxc3 Rxc3 29. Qxc3 Re8 30. Kf2 Qd7 31. Qc6 Qe6 32. Qxe6 Rxe6 33. Rc7 a5
34. Rd7 Kh7 35. Rxd5 1-0

[Event "MCR_O192"]
[Site "?"]
[Date "2004.??.??"]
[Round "?"]
[White "Novak, Vaclav"]
[Black "Mikolas, Jan"]
[Result "0-1"]
[WhiteElo "1860"]
[BlackElo "1992"]
[PlyCount "34"]
[EventDate "2004.??.??"]
[EventType "corr"]
[EventRounds "2"]
[SourceDate "2005.03.12"]

1. d4 f5 2. c4 Nf6 3. Nc3 e6 4. Nf3 Bb4 5. Bg5 c5 6. e3 h6 7. Bf4 Ne4 8. Qc2
Qa5 9. Rc1 Qxa2 10. Bd3 cxd4 11. Nxd4 Nxc3 12. O-O Qa4 13. bxc3 Qxc2 14. Rxc2
Bc5 15. Nb5 Na6 16. Ra1 O-O 17. Rb2 Rd8 0-1

[Event "MCR_O192"]
[Site "?"]
[Date "2004.??.??"]
[Round "?"]
[White "Novak, Vaclav"]
[Black "Pipek, Jan"]
[Result "1/2-1/2"]
[WhiteElo "1860"]
[BlackElo "1800"]
[PlyCount "52"]
[EventDate "2004.??.??"]
[EventType "corr"]
[EventRounds "2"]
[SourceDate "2005.03.12"]

1. e4 e5 2. Nf3 Nc6 3. Bc4 Nf6 4. d3 Bc5 5. c3 O-O 6. b4 Bd6 7. Bg5 h6 8. Bh4
Be7 9. O-O a6 10. a4 d6 11. Nbd2 Ne8 12. Bg3 Rb8 13. b5 Na5 14. Ba2 c6 15. c4
Bf6 16. Rb1 Bg4 17. Qc2 Bxf3 18. Nxf3 Rc8 19. bxa6 bxa6 20. c5 Qc7 21. Qc3 dxc5
22. Bxe5 Nb7 23. Bxc7 Bxc3 24. Rxb7 Rxc7 25. Rxc7 Nxc7 26. Rc1 Bb4 1/2-1/2

[Event "MCR_O192"]
[Site "?"]
[Date "2004.??.??"]
[Round "?"]
[White "Novak, Vaclav"]
[Black "Vins, Karel"]
[Result "1-0"]
[WhiteElo "1860"]
[BlackElo "1800"]
[PlyCount "61"]
[EventDate "2004.??.??"]
[EventType "corr"]
[EventRounds "2"]
[SourceDate "2005.03.12"]

1. d4 d5 2. c4 e6 3. Nf3 Nf6 4. Nc3 c6 5. Bg5 Be7 6. e3 h6 7. Bf4 Bd6 8. Ne5
dxc4 9. Bxc4 Nd5 10. Bg3 Nd7 11. Bxd5 cxd5 12. Nxf7 Kxf7 13. Bxd6 a6 14. Qf3+
Nf6 15. Be5 Rf8 16. O-O-O Kg8 17. Qe2 Bd7 18. Kb1 b5 19. a3 Qe8 20. f3 a5 21.
Bd6 Rf7 22. g4 Bc6 23. h4 b4 24. axb4 axb4 25. Bxb4 Rfa7 26. Ba3 Qb8 27. Kc1
Qb3 28. Qc2 Ba4 29. Qxb3 Bxb3 30. Rdg1 Kf7 31. g5 1-0

[Event "MCR_O192"]
[Site "?"]
[Date "2004.??.??"]
[Round "?"]
[White "Pipek, Jan"]
[Black "Brunclik, Vladimir"]
[Result "0-1"]
[WhiteElo "1800"]
[BlackElo "1946"]
[PlyCount "66"]
[EventDate "2004.??.??"]
[EventType "corr"]
[EventRounds "2"]
[SourceDate "2005.03.12"]

1. e4 d6 2. d4 Nf6 3. Nc3 g6 4. Nf3 Bg7 5. Be2 O-O 6. O-O Bg4 7. Bf4 Nbd7 8. a3
e5 9. Be3 exd4 10. Nxd4 Bxe2 11. Ndxe2 Re8 12. f3 Qe7 13. Re1 Ne5 14. Nd5 Nxd5
15. Qxd5 c6 16. Qb3 d5 17. exd5 Nxf3+ 18. gxf3 Qxe3+ 19. Qxe3 Rxe3 20. Kf2 Rae8
21. dxc6 bxc6 22. c3 f5 23. Nd4 Bxd4 24. cxd4 Rxe1 25. Rxe1 Rxe1 26. Kxe1 Kf7
27. b3 Ke6 28. Kd2 Kd5 29. Kd3 g5 30. b4 h5 31. a4 a6 32. a5 h4 33. h3 g4 0-1